| 000 | 00432nam a22001577a 4500 | ||
|---|---|---|---|
| 005 | 20251108165847.0 | ||
| 008 | 250721s1993 xx 000 0 ara d | ||
| 082 | 1 | 4 | _aق/حسي |
| 100 | 1 | _aمؤنس، حسين | |
| 245 | 1 | 0 |
_aالجارية و الشاعر : _bقصة / |
| 264 | 1 |
_aالقاهرة : _bدار الرشيد، _c1993. |
|
| 300 | _a78ص | ||
| 650 | 1 | 7 | _aالقصص العربية |
| 942 |
_2ddc _cBK |
||
| 999 |
_c33192 _d33192 |
||